Diario Oficial de Extremadura

Bibliographic Details
Corporate Author: Extremadura. Junta
Format: Serial
Language:Spanish
Published: [s.l.] : Junta de Extremadura, Consejera̕ de Admiistracin̤ Pb︢lica, 1980 -
Subjects:
Online Access:Acceso restringido

MARC

LEADER 00000nas a22000007a 4500
005 20110913144159.0
008 110913c1980 sp dr| |sll||a00| b1spa d
035 |a 110 
040 |a vLex 
090 |c 2440  |d 2440 
110 1 |a Extremadura.  |b Junta 
245 0 0 |a Diario Oficial de Extremadura  |h [Recurso electrn̤ico] 
246 1 |a DOE 
256 |a Servicio en ln̕ea. 
260 |a [s.l.] :  |b Junta de Extremadura, Consejera̕ de Admiistracin̤ Pb︢lica,  |c 1980 - 
300 |a 1 recurso electrn̤ico 
310 |a Diaria 
362 |a Nm︢. 1 (1980) - 
650 0 4 |a Derecho  |x Legislacin̤  |x Publicaciones perid̤icas  |z Espaą  |z Extremadura 
740 0 |a vLex Revistas (Servicio en ln̕ea) 
856 4 0 |u http://vlex.com/source/doe-110/section/3  |z Acceso restringido 
942 |c REV